000 01213naa a22002897a 4500
001 BR6200184
003 BR-BrBNA
005 20240918173243.0
007 ta
008 230509b bl.||||| |||| 00| 0 por d
040 _aBR-BrBNA
_bpor
_cBiblioteca Nacional de Agricultura
041 _a(Pt)
072 _aE30
_b/G514
_bG302
090 _aE30 BR6200184
100 1 _aBorges, P. (ed.)
111 1 _a7. Conferencia da FAO para America Latina
_cRio de Janeiro, GB (Brazil)
_d17 Nov 1962
245 1 _aCampanha contra a fome em relacao ao desenvolvimento economico e ao congresso mundial de alimentos [America Latina, Brasil]
260 3 _aRio de Janeiro, GB (Brasil):
_c1962.
500 _aDocumentos basicos da delegacao brasileira a 7. Conferencia da FAO para America Latina Rio de Janeiro, GB (Brasil): 1962. p. 29-33 (BR6200184-AM)E30
650 _aDESENVOLVIMENTO ECONOMICO
650 _aDESENVOLVIMENTO AGRICOLA
650 _aSUPRIMENTO DE ALIMENTO
650 _aFOME
773 0 _tDocumentos basicos da delegacao brasileira a 7. Conferencia da FAO para America Latina
_wE30 BR6200184
_gRio de Janeiro, GB (Brasil), 1962. p. 29-33
909 _a202404
_bLucia
_c55
_dLucia Elande
942 _cAM
_2AGRIS
999 _c303596
_d303596